Installation and measurement of electrical works in buildings

Kaydedildi:
Detaylı Bibliyografya
Yazar: OFOREH, Emmanuel C.
Materyal Türü: Kitap
Dil:İngilizce
Baskı/Yayın Bilgisi: : Cosines, Publishers, 2008
Etiketler: Etiketle
Etiket eklenmemiş, İlk siz ekleyin!

MARC

LEADER 00000nam a22000007a 4500
008 201216b ||||| |||| 00| 0 eng d
020 |a ISBN: 978-35412-3-4 
100 |a OFOREH, Emmanuel C. 
245 |a Installation and measurement of electrical works in buildings  |c Emmanuel C. Oforeh  |g . xiv, 444p.; ill. 
250 |b  3rd ed 
260 |b : Cosines, Publishers,  |c 2008  |h Lagos  |i 691328  |i 691329   |l TK3271 .Of6  |m Electrical wiring, Interior. 
942 |a lcc  |c BK  |e Olagoke,M A  |f 16/12/2020 
952 |0 0  |1 0  |2 lcc  |4 0  |6 TK3271 O F6  |7 0  |9 582  |a HOL  |b TL  |c QZ  |d 2020-12-16  |l 0  |o TK3271 .Of6  |p 2020-22901  |r 2020-12-16 00:00:00  |w 2020-12-16  |y BK 
952 |0 0  |1 0  |2 lcc  |4 0  |6 TK3271 O F6  |7 0  |9 1123  |a HOL  |b HOL  |c QZ  |d 2020-12-16  |l 0  |o TK3271 .Of6  |p 2020-230330  |r 2020-12-16 00:00:00  |w 2020-12-16  |y BK 
999 |c 323  |d 323